000 00524nam a2200181Ia 4500
003 GCL
008 140319s9999 xx 000 0 ara d
040 _aGCL /
_cGCL
082 0 4 _a332.49
_bا ن
245 1 0 _aنقود العالم متى ظهرت ومتى اختفت
260 _a[S.N] :
_bالهيئة المصرية العامة للكتاب ،
_c1993
300 _a235 ص
490 _a
650 0 4 _aالنحو
650 0 4 _aاللغة العربية
650 0 4 _aابن هشام النحوى
942 _2ddc
_cBK
999 _c36156
_d36156